| 000 | 00627cam a22001814a 4500 | ||
|---|---|---|---|
| 020 | _a0486414655 (pbk.) | ||
| 040 | _cDLC | ||
| 082 | 0 | 0 | _a526 DOV 2000 A034 Or. |
| 100 | 1 | _aKaula, William M. | |
| 245 | 1 | 0 |
_aTheory of satellite geodesy : _bapplications of satellites to geodesy / |
| 250 | _aDover ed. | ||
| 260 |
_aMineola, N.Y. : _bDover Publications, _cc2000. |
||
| 300 |
_axiv, 124 p. : _bill. ; _c22 cm. |
||
| 500 | _aOriginally published: Waltham, Mass. : Blaisdell Pub., 1966. With new preface. | ||
| 650 | 0 | _aSatellite geodesy. | |
| 856 | 4 | 2 | _uhttp://www.loc.gov/catdir/description/dover031/00064345.html |
| 942 | _cEK | ||
| 999 |
_c12377 _d12377 |
||